[Event "Moscow op-F 13th"]
[Site "Moscow"]
[Date "2017.01.29"]
[Round "3"]
[White "Bryakin, Mikhail"]
[Black "Gaboshvili, Georgii"]
[Result "1-0"]
[WhiteElo "2333"]
[BlackElo "1955"]
[PlyCount "99"]
[EventDate "2017.01.27"]
[EventType "swiss"]
[EventRounds "9"]
[EventCountry "RUS"]
[SourceTitle "CBM 176 Extra"]
[Source "ChessBase"]
[SourceDate "2017.03.02"]
[SourceVersion "1"]
[SourceVersionDate "2017.03.02"]
[SourceQuality "1"]

1. d4 c5 2. d5 e5 3. e4 d6 4. c4 Be7 5. Nf3 Bg4 6. Be2 Bxf3 7. Bxf3 Bg5 8. Nc3 Bxc1 9. Rxc1 a6 10. a3 Nh6 11. b4 Nd7 12. 0-0 0-0 13. Bg4 Nxg4 14. Qxg4 Rc8 15. b5 a5 16. Nd1 g6 17. Ne3 Kh8 18. g3 Qe7 19. Rce1 Rce8 20. h4 b6 21. Qh3 Nf6 22. f3 Qd7 23. Qxd7 Nxd7 24. Kg2 Kg7 25. Rh1 Nf6 26. h5 Rd8 27. Rh4 Nxh5 28. f4 exf4 29. gxf4 Rfe8 30. Rxh5 gxh5 31. Nf5+ Kf6 32. Nxd6 Rxd6 33. e5+ Kf5 34. exd6 Rd8 35. Kf3 h4 36. Re5+ Kf6 37. Rh5 Kg6 38. Rxh4 Rxd6 39. Rg4+ Kf6 40. Rg8 Kf5 41. Rg7 Kf6 42. Rxh7 Kg6 43. Rh8 Kf5 44. Rf8 Rf6 45. Ke3 Kg4 46. Rg8+ Kh4 47. Ke4 Rh6 48. Ke5 Kh5 49. f5 Kh4 50. d6 1-0

[Event "Moscow Petrosian Memorial op"]
[Site "Moscow"]
[Date "2015.01.10"]
[Round "7"]
[White "Borisova, Ekaterina"]
[Black "Gaboshvili, Georgii"]
[Result "1-0"]
[WhiteElo "1928"]
[BlackElo "1788"]
[PlyCount "128"]
[EventDate "2015.01.04"]
[EventType "swiss"]
[EventRounds "9"]
[EventCountry "RUS"]
[SourceTitle "CBM 164 Extra"]
[Source "ChessBase"]
[SourceDate "2015.03.02"]
[SourceVersion "1"]
[SourceVersionDate "2015.03.02"]
[SourceQuality "1"]

1. Nf3 Nf6 2. c4 g6 3. g3 Bg7 4. Bg2 0-0 5. 0-0 d6 6. d4 a6 7. Nc3 Nc6 8. Bg5 h6 9. Bf4 Rb8 10. Qc1 Kh7 11. a4 Nh5 12. Be3 Nf6 13. Nd5 Ng4 14. Qd2 Nxe3 15. fxe3 e5 16. b4 exd4 17. exd4 Ne7 18. Nc3 c6 19. e4 f5 20. Rae1 fxe4 21. Rxe4 Nf5 22. Rfe1 Bd7 23. Kh1 Qf6 24. Rf4 g5 25. Rfe4 Rbe8 26. Rxe8 Rxe8 27. Ne4 Qg6 28. g4 Nh4 29. Nxh4 gxh4 30. h3 Kh8 31. c5 d5 32. Nd6 Rxe1+ 33. Qxe1 Bxd4 34. Qf1 Qf6 35. Qxf6+ Bxf6 36. Nxb7 Bc3 37. b5 axb5 38. axb5 Bd4 39. Nd8 cxb5 40. c6 Bf6 41. c7 Bd4 42. Nf7+ Kg7 43. Nd6 Kf6 44. Nxb5 Bc5 45. Bxd5 Bc8 46. Be4 h5 47. Bf5 Bb7+ 48. Kh2 hxg4 49. hxg4 Kg5 50. c8Q Bxc8 51. Bxc8 Be3 52. Kh3 Bf4 53. Nd4 Bg3 54. Nf3+ Kh6 55. g5+ Kg7 56. Kg4 Bf2 57. Nxh4 Bc5 58. Nf5+ Kg6 59. Nh4+ Kg7 60. g6 Bf2 61. Bf5 Kf6 62. Ng2 Kg7 63. Nf4 Bb6 64. Ne2 Ba5 1-0

[Event "Moscow Petrosian Memorial op"]
[Site "Moscow"]
[Date "2015.01.05"]
[Round "2"]
[White "Marchenko, Andrey1111"]
[Black "Gaboshvili, Georgii"]
[Result "0-1"]
[WhiteElo "1608"]
[BlackElo "1788"]
[PlyCount "64"]
[EventDate "2015.01.04"]
[EventType "swiss"]
[EventRounds "9"]
[EventCountry "RUS"]
[SourceTitle "CBM 164 Extra"]
[Source "ChessBase"]
[SourceDate "2015.03.02"]
[SourceVersion "1"]
[SourceVersionDate "2015.03.02"]
[SourceQuality "1"]

1. d4 c5 2. d5 e5 3. c4 d6 4. e4 Be7 5. Be2 Bg5 6. Nf3 Bxc1 7. Qxc1 Nh6 8. Nc3 0-0 9. 0-0 f5 10. exf5 Bxf5 11. h3 a6 12. Ng5 Nf7 13. Nge4 Nd7 14. a3 Nf6 15. Bf3 Nxe4 16. Bxe4 Ng5 17. Qe3 Nxe4 18. Nxe4 Bxe4 19. Qxe4 Rf4 20. Qd3 Qb6 21. Rab1 Raf8 22. f3 Rd4 23. Qc2 Rff4 24. b3 Qa5 25. Qc1 b5 26. cxb5 axb5 27. b4 Qb6 28. bxc5 dxc5 29. Rd1 c4 30. Kh2 Qc5 31. Qb2 c3 32. Qb3 c2 0-1